| 000 | 01266cam a2200349 i 4500 | ||
|---|---|---|---|
| 999 |
_c200452635 _d70847 |
||
| 003 | TR-AnTOB | ||
| 005 | 20230414145452.0 | ||
| 007 | ta | ||
| 008 | 211006t20202020tu 000 0 tur d | ||
| 020 | _a9786257296786 | ||
| 040 |
_aIU _beng _erda _cIU _dHKUT _dTR-AnTOB |
||
| 041 | 0 | _atur | |
| 050 | 1 | 4 |
_aDR479.S95 _bS2555 2020 |
| 090 |
_aDR479.S95 _bS2555 2020 |
||
| 100 | 1 |
_aSalık, Nuri _d1986- _eauthor _9124119 |
|
| 245 | 1 | 0 |
_aİki darbe arasında Türkiye'nin Suriye politikası : _b(1960-1980) / _cDr. Nuri Salık ; genel yayın yönetmeni: Nevzat Argun. |
| 264 | 1 |
_aAnkara : _bNobel Bilimsel Eserler, _c2020. |
|
| 264 | 4 | _c©2020 | |
| 300 |
_aix, 476 pages ; _c21 cm |
||
| 336 |
_atext _btxt _2rdacontent |
||
| 337 |
_aunmediated _bn _2rdamedia |
||
| 338 |
_avolume _bnc _2rdacarrier |
||
| 490 | 0 |
_aBilimsel Eserler No ; _v539 |
|
| 504 | _aBIB | ||
| 651 | 7 |
_aTürkiye _xDış ilişkiler _zSuriye _2etuturkob _920759 |
|
| 651 | 7 |
_aSuriye _xDış ilişkiler _zTürkiye _2etuturkob _915018 |
|
| 651 | 7 |
_aTürkiye _xDış ilişkiler _zSuriye _y20. Yüzyıl _2etuturkob _9141394 |
|
| 651 | 7 |
_aSuriye _xDış ilişkiler _zTürkiye _y20. Yüzyıl _2etuturkob _9141393 |
|
| 700 | 1 |
_aArgun, Nevzat _epublishing director _9141392 |
|
| 942 |
_2lcc _cBK |
||